000 00870nam a22001817a 4500
003 OSt
005 20260416010012.0
008 260416b |||||||| |||| 00| 0 eng d
040 _aDWCL GS lib
_cOC
082 _aFic. B276y 1994
100 _aBarrie, J.M
245 _athe young collector's illustrated classics:
_bpeter pan
300 _a186
_billustrations
_c24cm
520 _aPeter Pan by J.M. Barrie follows the Darling children—Wendy, John, and Michael—who are whisked away to the magical Neverland by Peter, a boy who refuses to grow up. There, they face pirates led by Captain Hook, interact with fairies and mermaids, and experience adventures before choosing to return home to adulthood, while Peter remains young forever.
546 _aEnglish
700 _aJ.M Barrie
942 _2ddc
_cFIC.
_hFic. B276y 1994
_n0
999 _c9478
_d9478